[Event "25.Schlosspark-Open"]
[Site "Wiesbaden-Biebrich"]
[Date "2013.08.24"]
[Round "5.1"]
[White "Khenkin, Igor"]
[Black "Schmittdiel, Eckhard"]
[Result "1-0"]
[WhiteElo "2605"]
[BlackElo "2435"]
[PlyCount "59"]
[EventDate "2013.??.??"]
[WhiteTeam "Wiesbadener SV 1885"]
[BlackTeam "SC Hansa Dortmund e.V."]

1. d4 Nf6 2. c4 e6 3. Nf3 b6 4. g3 Bb7 5. Bg2 Be7 6. O-O O-O 7. Nc3 Ne4 8. Bd2
f5 9. Ne5 Nxc3 10. Bxc3 Bxg2 11. Kxg2 Bf6 12. Qd3 d6 13. Qf3 d5 14. Rfd1 Bxe5
15. dxe5 c6 16. Bb4 Rf7 17. Bd6 Qe8 18. Rac1 Nd7 19. Qa3 dxc4 20. Rxc4 b5 21.
Rc2 a5 22. Qf3 Ra6 23. Rdc1 c5 24. Qb7 Qa8 25. Qxa8+ Rxa8 26. b3 f4 27. Bxc5
Nxe5 28. Bd6 Rf5 29. gxf4 Ng6 30. e4 1-0

[Event "25.Schlosspark-Open"]
[Site "Wiesbaden-Biebrich"]
[Date "2013.08.24"]
[Round "5.2"]
[White "Carow, Johannes"]
[Black "Milov, Leonid"]
[Result "1/2-1/2"]
[WhiteElo "2355"]
[BlackElo "2528"]
[PlyCount "63"]
[EventDate "2013.??.??"]
[WhiteTeam "Sfr.Heidesheim"]
[BlackTeam "SC Noris-Tarrasch Nürnberg 1873"]

1. d4 Nf6 2. c4 c5 3. d5 a6 4. a4 e6 5. Nc3 Bd6 6. g3 Bc7 7. d6 Ba5 8. Bg2 O-O
9. Nh3 Nc6 10. O-O b6 11. e4 Rb8 12. Bg5 h6 13. Bh4 Ne5 14. f4 Bxc3 15. bxc3
Ng6 16. Bxf6 Qxf6 17. e5 Qd8 18. Qh5 Bb7 19. Bxb7 Rxb7 20. Rab1 Rb8 21. Nf2 Qc8
22. Qf3 f6 23. Qe4 Nh8 24. Nd3 Nf7 25. h4 f5 26. Qg2 Nd8 27. a5 bxa5 28. Qf2
Rxb1 29. Rxb1 Qc6 30. Nxc5 a4 31. Ra1 Nb7 32. Nxa4 1/2-1/2

[Event "25.Schlosspark-Open"]
[Site "Wiesbaden-Biebrich"]
[Date "2013.08.24"]
[Round "5.3"]
[White "Meijers, Viesturs"]
[Black "Mensch, Etienne"]
[Result "1-0"]
[WhiteElo "2470"]
[BlackElo "2345"]
[PlyCount "109"]
[EventDate "2013.??.??"]
[WhiteTeam "ESV Nickelhütte Aue"]
[BlackTeam "SK Freiburg-Wiehre 2000 e.V."]

1. Nf3 Nf6 2. c4 c5 3. b3 g6 4. Bb2 Bg7 5. g3 Nc6 6. Bg2 O-O 7. O-O d6 8. d4
cxd4 9. Nxd4 Bd7 10. Nc2 Qc8 11. Re1 Bh3 12. Bh1 Qf5 13. Ne3 Qh5 14. Nc3 Rad8
15. Rb1 Ng4 16. Nxg4 Bxg4 17. Nd5 e5 18. b4 Rd7 19. b5 Nd4 20. f3 Be6 21. a4
Bxd5 22. cxd5 Rc8 23. e3 Nc2 24. Re2 Rdc7 25. Rc1 Bh6 26. Rcxc2 Bxe3+ 27. Kf1
Qh3+ 28. Ke1 Bc5 29. Kd2 Qh6+ 30. Kd3 Qh5 31. Rc4 f5 32. g4 Qh3 33. gxf5 Qxf5+
34. Ree4 Qh3 35. Qe2 a6 36. Rg4 axb5 37. axb5 Qh5 38. h4 Qf5+ 39. Qe4 Qd7 40.
b6 Bxb6 41. Rxc7 Qxc7 42. Qc4 Qd7 43. Qb3 Bc5 44. Bg2 Qf7 45. Ke2 Ra8 46. Bh3
Kf8 47. h5 Ra6 48. Bc1 Rb6 49. Qd3 Ra6 50. hxg6 Ra2+ 51. Kd1 hxg6 52. Bh6+ Ke8
53. Rxg6 Ra1+ 54. Ke2 Bd4 55. Qb5+ 1-0

[Event "25.Schlosspark-Open"]
[Site "Wiesbaden-Biebrich"]
[Date "2013.08.24"]
[Round "5.5"]
[White "Sergin, Mark"]
[Black "Wenninger, Philipp"]
[Result "1-0"]
[WhiteElo "2160"]
[BlackElo "2229"]
[PlyCount "117"]
[EventDate "2013.??.??"]
[WhiteTeam "Kasseler SK 1876"]
[BlackTeam "Heilbronner SV"]

1. e4 c6 2. Nf3 d5 3. exd5 cxd5 4. Ne5 Nc6 5. Bb5 Bd7 6. Bxc6 bxc6 7. d4 e6 8.
O-O Nf6 9. f4 c5 10. c3 Qb6 11. Nxd7 Nxd7 12. f5 Be7 13. fxe6 fxe6 14. a4 Nf6
15. a5 Qa6 16. Qa4+ Kf7 17. Bf4 Rhf8 18. Na3 Kg8 19. Nb5 Nh5 20. Be5 Rxf1+ 21.
Rxf1 Rf8 22. Rxf8+ Bxf8 23. Bb8 cxd4 24. Bxa7 d3 25. Be3 e5 26. Nc7 Qb7 27. Nb5
d4 28. cxd4 Qe4 29. Qc4+ Kh8 30. Qc1 exd4 31. Bd2 Qb7 32. Qf1 Nf6 33. Qxd3 h6
34. b4 Nd5 35. Qf1 Be7 36. Nxd4 Nxb4 37. Qf7 Nd3 38. Qe8+ Kh7 39. Qb5 Qe4 40.
Qf5+ Qxf5 41. Nxf5 Bc5+ 42. Be3 Bxe3+ 43. Nxe3 Nc5 44. Nd5 Na6 45. Kf2 Kg6 46.
Ke3 Kf5 47. Kd4 Ke6 48. Kc4 Kd6 49. Ne3 g6 50. Kb5 Nb8 51. Nc4+ Kd5 52. Nb6+
Kd6 53. Na4 Kc7 54. Nc5 Nc6 55. Ne6+ Kd6 56. a6 Na7+ 57. Kb6 Nc6 58. Nd8 Ne7
59. Kb7 1-0

[Event "25.Schlosspark-Open"]
[Site "Wiesbaden-Biebrich"]
[Date "2013.08.24"]
[Round "5.6"]
[White "Nagel, Bernhard"]
[Black "Zeyer, Oliver"]
[Result "1-0"]
[WhiteElo "2230"]
[BlackElo "2001"]
[PlyCount "83"]
[EventDate "2013.??.??"]
[WhiteTeam "Wiesbadener SV 1885"]
[BlackTeam "SF HN-Biberach 1978 e.V."]

1. c4 Nf6 2. Nf3 g6 3. Nc3 Bg7 4. g3 O-O 5. Bg2 d6 6. d4 Nc6 7. O-O a6 8. e4 e5
9. d5 Ne7 10. Ne1 Nd7 11. Nd3 f5 12. f4 b6 13. fxe5 Nxe5 14. Nxe5 Bxe5 15. Bf4
Bxf4 16. Rxf4 g5 17. Rf2 Ng6 18. Bh3 f4 19. Bxc8 Rxc8 20. Qg4 Ne5 21. Qe6+ Kh8
22. Ne2 Rf6 23. Qh3 Qf8 24. gxf4 gxf4 25. Rxf4 Qg7+ 26. Kh1 Rg8 27. Rxf6 Qxf6
28. Rf1 Qg6 29. Ng3 Nxc4 30. Qd7 Nd2 31. Rf4 Qg5 32. Qf5 Nc4 33. Qxg5 Rxg5 34.
Rf8+ Rg8 35. Rf7 Rg7 36. Rf8+ Rg8 37. Rf2 Ne5 38. Rc2 Rg7 39. Nf5 Rg4 40. Rxc7
h5 41. Nxd6 Nd3 42. Nf7+ 1-0

[Event "25.Schlosspark-Open"]
[Site "Wiesbaden-Biebrich"]
[Date "2013.08.24"]
[Round "5.7"]
[White "Boidman, Yuri"]
[Black "Osswald, Luis Monty"]
[Result "1-0"]
[WhiteElo "2403"]
[BlackElo "1965"]
[PlyCount "45"]
[EventDate "2013.??.??"]
[WhiteTeam "SC Heimbach-Weis/Neuwied"]
[BlackTeam "Kasseler SK 1876"]

1. e4 c5 2. Nf3 Nc6 3. Bb5 g6 4. O-O Bg7 5. Nc3 a6 6. Bxc6 dxc6 7. d3 Qc7 8.
Be3 b6 9. h3 Nf6 10. Qd2 h6 11. Nh2 e5 12. f4 exf4 13. Bxf4 Qe7 14. Rae1 Be6
15. Nf3 Nd7 16. Nd5 cxd5 17. exd5 g5 18. dxe6 fxe6 19. Be5 O-O 20. Bxg7 Kxg7
21. Qc3+ Rf6 22. Ne5 Raf8 23. Ng4 1-0

[Event "25.Schlosspark-Open"]
[Site "Wiesbaden-Biebrich"]
[Date "2013.08.24"]
[Round "5.8"]
[White "Sarközy, Benjamin"]
[Black "Gara, Anita"]
[Result "1/2-1/2"]
[WhiteElo "2115"]
[BlackElo "2299"]
[PlyCount "67"]
[EventDate "2013.??.??"]
[WhiteTeam "SV Oberursel"]
[BlackTeam "SV Großhansdorf"]

1. e4 c5 2. Nf3 b6 3. d4 cxd4 4. Nxd4 Bb7 5. Nc3 a6 6. Bd3 g6 7. Be3 Bg7 8. Qd2
d6 9. h4 h5 10. O-O-O Nf6 11. f3 Nbd7 12. Nb3 Ne5 13. Qf2 Nfg4 14. Qg1 Nxe3 15.
Qxe3 Rc8 16. Kb1 b5 17. Rhe1 O-O 18. g4 hxg4 19. fxg4 Nxg4 20. Qg3 Ne5 21. h5
Rxc3 22. bxc3 Qc7 23. Bf1 Rc8 24. Re3 b4 25. hxg6 Nxg6 26. Bh3 Bxc3 27. Bxc8
Qxc8 28. Nd4 Qc4 29. Nf5 Bxe4 30. Nxe7+ Kg7 31. Rxe4 Qxe4 32. Nxg6 fxg6 33.
Qxd6 Bf6 34. Qd7+ 1/2-1/2

[Event "25.Schlosspark-Open"]
[Site "Wiesbaden-Biebrich"]
[Date "2013.08.24"]
[Round "5.9"]
[White "Karabalis, Harilos"]
[Black "Friesen, Viktor"]
[Result "1-0"]
[WhiteElo "2275"]
[BlackElo "2123"]
[PlyCount "50"]
[EventDate "2013.??.??"]
[WhiteTeam "SC Brett vor'm Kopp Ffm"]
[BlackTeam "Herforder SV Königsspr"]

1. e4 d5 2. exd5 Nf6 3. d4 Nxd5 4. c4 Nb6 5. Nc3 g6 6. Be3 Bg7 7. Qd2 Nc6 8.
O-O-O a5 9. Nf3 Bg4 10. Bh6 Bxh6 11. Qxh6 Qd7 12. d5 Nb4 13. c5 Bxf3 14. Bb5
Nxa2+ 15. Kc2 c6 16. dxc6 Qf5+ 17. Kb3 Bxd1+ 18. Kxa2 O-O-O 19. cxb6 Bc2 20.
Re1 Qf6 21. Qh3+ Bf5 22. Qg3 Qd6 23. c7 Rdf8 24. Qxd6 exd6 25. Nd5 Re8 1-0

[Event "25.Schlosspark-Open"]
[Site "Wiesbaden-Biebrich"]
[Date "2013.08.24"]
[Round "5.10"]
[White "Junker, Christian"]
[Black "Stockmann, Michael"]
[Result "1/2-1/2"]
[WhiteElo "2100"]
[BlackElo "2273"]
[PlyCount "40"]
[EventDate "2013.??.??"]
[WhiteTeam "SV 1926 Neu-Isenburg"]
[BlackTeam "Sfr. Schöneck"]

1. Nf3 d5 2. g3 g6 3. d3 Bg7 4. Nbd2 Nf6 5. Bg2 c5 6. e4 O-O 7. O-O Nc6 8. Re1
e6 9. c3 dxe4 10. dxe4 b6 11. Bf1 Bb7 12. Qe2 Qe7 13. a4 Rfd8 14. h4 Rac8 15.
e5 Ng4 16. Nc4 Qc7 17. Bf4 Ba6 18. Qe4 h5 19. Nd6 Bb7 20. Nxb7 Qxb7 1/2-1/2

[Event "25.Schlosspark-Open"]
[Site "Wiesbaden-Biebrich"]
[Date "2013.08.24"]
[Round "5.11"]
[White "Hahn, Markus"]
[Black "Hahn, Florian"]
[Result "1/2-1/2"]
[WhiteElo "2239"]
[BlackElo "2078"]
[PlyCount "137"]
[EventDate "2013.??.??"]
[WhiteTeam "Kasseler SK 1876"]
[BlackTeam "SK Gründau"]

1. d4 Nf6 2. c4 e6 3. g3 d5 4. Nf3 a6 5. Qa4+ Bd7 6. Qc2 dxc4 7. Qxc4 Bc6 8.
Bg2 Be7 9. O-O O-O 10. Bf4 Nbd7 11. Nc3 Nb6 12. Qd3 Nbd5 13. Bg5 Nxc3 14. bxc3
Be4 15. Qd2 h6 16. Bf4 Nd5 17. c4 Bb4 18. Qc1 Nxf4 19. Qxf4 Bc6 20. e4 Bd6 21.
Qe3 b6 22. Rfd1 Rb8 23. Qd3 Bb7 24. Rab1 c5 25. d5 exd5 26. cxd5 b5 27. e5 Bc7
28. d6 Bb6 29. Nh4 Bxg2 30. Kxg2 c4 31. Qe4 Qd7 32. Nf5 Qb7 33. Rd5 Kh8 34.
Rbd1 Bd8 35. h4 c3 36. Kh2 Rc8 37. Rc1 Rc4 38. Qd3 Qc8 39. Ne3 Rc6 40. Rc2 b4
41. Rd4 a5 42. Nd5 Qe6 43. Re4 Re8 44. Re3 Rc5 45. Nf4 Qd7 46. Qe2 Rc8 47. Nd3
Rc6 48. Qf3 Rb6 49. Nc5 Qa7 50. d7 Re7 51. e6 f6 52. Qd5 Qc7 53. Nb3 Rd6 54.
Qf5 Qc6 55. Rce2 a4 56. Nc1 Rd2 57. Qg4 Rd1 58. Re1 Rd2 59. R3e2 Qb6 60. Qc4
Qd6 61. a3 Rxe2 62. Rxe2 b3 63. Qxc3 Rxe6 64. Qc8 Qb6 65. Rxe6 Qxf2+ 66. Kh1
Qf1+ 67. Kh2 Qf2+ 68. Kh3 Qf1+ 69. Kh2 1/2-1/2

[Event "25.Schlosspark-Open"]
[Site "Wiesbaden-Biebrich"]
[Date "2013.08.24"]
[Round "5.12"]
[White "Trumpp, Lothar"]
[Black "Minor, Samuel"]
[Result "1/2-1/2"]
[WhiteElo "2066"]
[BlackElo "2230"]
[PlyCount "40"]
[EventDate "2013.??.??"]
[WhiteTeam "VSG 1880 Offenbach"]
[BlackTeam "Wiesbadener SV 1885"]

1. g3 e5 2. Bg2 Nc6 3. e4 Nf6 4. d3 d5 5. Nd2 Be7 6. Ngf3 Bg4 7. c3 dxe4 8.
dxe4 Qd3 9. Qe2 Qxe2+ 10. Kxe2 Nd7 11. Nc4 f6 12. Ne3 Be6 13. h4 Nb6 14. Nd2
Rd8 15. Bh3 Bxh3 16. Rxh3 Kf7 17. Rh1 h5 18. a4 a5 19. Ndc4 Nxc4 20. Nxc4 Bc5
1/2-1/2

[Event "25.Schlosspark-Open"]
[Site "Wiesbaden-Biebrich"]
[Date "2013.08.24"]
[Round "5.13"]
[White "Commercon, Simon"]
[Black "Seidel, Jürgen"]
[Result "1-0"]
[WhiteElo "2183"]
[BlackElo "2068"]
[PlyCount "81"]
[EventDate "2013.??.??"]
[WhiteTeam "TSG Mutterstadt"]
[BlackTeam "SV 1920 Hofheim"]

1. d4 Nf6 2. Bg5 d6 3. Nc3 Nbd7 4. e4 e5 5. Nf3 Be7 6. Bc4 c6 7. dxe5 dxe5 8.
Qe2 Qc7 9. Nh4 h6 10. Bd2 b5 11. Bb3 g6 12. O-O Nc5 13. f4 Bd6 14. Nf3 Nxb3 15.
axb3 Bg4 16. fxe5 Bxe5 17. Qf2 Bxf3 18. gxf3 g5 19. Be3 Nh5 20. Ne2 a6 21. Nd4
Bxd4 22. Bxd4 O-O 23. Bc5 Nf4 24. Kh1 Rfe8 25. Rad1 Re6 26. Rd2 Rd8 27. Rfd1
Ree8 28. Bd6 Qc8 29. Bxf4 gxf4 30. Qh4 Rxd2 31. Rxd2 Kh7 32. Qxf4 Re7 33. Kg2
Qg8+ 34. Kf2 Qg7 35. Rd6 Re6 36. Qf5+ Rg6 37. e5 Kg8 38. Rd8+ Kh7 39. h4 h5 40.
Qxh5+ Rh6 41. Qf5+ 1-0

[Event "25.Schlosspark-Open"]
[Site "Wiesbaden-Biebrich"]
[Date "2013.08.24"]
[Round "5.14"]
[White "Sobolevsky, Leonid"]
[Black "Kolker, Vladislav"]
[Result "1-0"]
[WhiteElo "2182"]
[BlackElo "2054"]
[PlyCount "109"]
[EventDate "2013.??.??"]
[WhiteTeam "Schachzirkel Elstertal Langenber"]
[BlackTeam "SC Bad Nauheim"]

1. e4 e5 2. Nf3 Nc6 3. Bc4 Nf6 4. d4 exd4 5. O-O Nxe4 6. Re1 d5 7. Bb5 Bc5 8.
Nxd4 O-O 9. Bxc6 bxc6 10. Be3 Bd7 11. c4 Qh4 12. Nf3 Qh5 13. Bxc5 Nxc5 14. Ne5
Qf5 15. Nc3 Rfe8 16. Qd4 Ne6 17. Qd2 d4 18. Nxd7 dxc3 19. Qxc3 Nf4 20. Qf3
Rxe1+ 21. Rxe1 Qxd7 22. Qxf4 Rd8 23. Qe3 h6 24. g3 Qd2 25. Qe5 Rd7 26. Kg2 c5
27. Re3 Qd4 28. Qe8+ Kh7 29. b3 Qd6 30. Qe4+ g6 31. h4 Qd4 32. Qa8 Qd6 33. Re8
Qf6 34. Qf3 Qd6 35. Qe4 h5 36. Re5 Kg7 37. Re8 Qf6 38. Qe5 Qxe5 39. Rxe5 Rd2
40. Rxc5 Rxa2 41. Rxc7 Rb2 42. Rb7 a5 43. Rb5 Kf6 44. Kf3 Ke6 45. Ke3 Rb1 46.
f3 f6 47. g4 hxg4 48. fxg4 f5 49. gxf5+ gxf5 50. Kd3 Ra1 51. h5 a4 52. bxa4
Rxa4 53. Kd4 f4 54. h6 Ra7 55. Rh5 1-0

[Event "25.Schlosspark-Open"]
[Site "Wiesbaden-Biebrich"]
[Date "2013.08.24"]
[Round "5.15"]
[White "Kayser, Felix"]
[Black "Wagner, Dirk"]
[Result "1-0"]
[WhiteElo "2179"]
[BlackElo "2049"]
[PlyCount "89"]
[EventDate "2013.??.??"]
[WhiteTeam "Wiesbadener SV 1885"]
[BlackTeam "SC Matt im Park Ffm"]

1. e4 e5 2. Nf3 Nc6 3. d4 exd4 4. Bc4 Nf6 5. e5 d5 6. Bb5 Nd7 7. Bxc6 bxc6 8.
Qxd4 Nc5 9. Qf4 Ne6 10. Qg3 g6 11. O-O Bg7 12. Ng5 Nd4 13. Nc3 h6 14. Qf4 Nf5
15. Nf3 O-O 16. Qa4 Bd7 17. Qa5 Qb8 18. Na4 Qb5 19. Bd2 Be6 20. b3 Rfc8 21. h3
h5 22. Rfe1 Qxa5 23. Bxa5 Bf8 24. Rad1 Rab8 25. Kh2 c5 26. Bd2 Nd4 27. Nxd4
cxd4 28. Bg5 c5 29. Nb2 Bf5 30. Re2 a5 31. f3 Rc6 32. g4 Bd7 33. Nd3 hxg4 34.
hxg4 c4 35. Nf4 d3 36. cxd3 cxb3 37. axb3 Be6 38. Bf6 g5 39. Bxg5 Rxb3 40. Kg3
Bg7 41. Nh5 Rb2 42. Nf6+ Bxf6 43. Bxf6 Rc1 44. Rxb2 Rxd1 45. Rh2 1-0

[Event "25.Schlosspark-Open"]
[Site "Wiesbaden-Biebrich"]
[Date "2013.08.24"]
[Round "5.16"]
[White "Brechlin, Olaf"]
[Black "Bauer, Claus"]
[Result "1/2-1/2"]
[WhiteElo "2046"]
[BlackElo "2172"]
[PlyCount "67"]
[EventDate "2013.??.??"]
[WhiteTeam "FVS ASP Hoyerswerda"]
[BlackTeam "Sfr.Mainz 1928"]

1. Nc3 d6 2. f4 Nf6 3. e4 d5 4. e5 d4 5. Nb5 Nd5 6. Qf3 Nb6 7. Ne2 c5 8. e6 a6
9. exf7+ Kxf7 10. Na3 Qd5 11. Qb3 N8d7 12. Ng3 Qxb3 13. axb3 g6 14. f5 gxf5 15.
Nxf5 Ne5 16. Ng3 Bg4 17. Nc4 Nbxc4 18. Bxc4+ Nxc4 19. O-O+ Kg6 20. bxc4 Bg7 21.
d3 b6 22. h3 Bd7 23. Bd2 a5 24. Rae1 Bf6 25. Ne4 Rhf8 26. Bf4 Rac8 27. Nxf6
exf6 28. Re7 Rf7 29. Rfe1 b5 30. Bd6 Bc6 31. Rxf7 Kxf7 32. Re7+ Kg6 33. Rc7
Rxc7 34. Bxc7 1/2-1/2

[Event "25.Schlosspark-Open"]
[Site "Wiesbaden-Biebrich"]
[Date "2013.08.24"]
[Round "5.17"]
[White "Willems, Matthias"]
[Black "Serbu, Eli"]
[Result "0-1"]
[WhiteElo "2037"]
[BlackElo "2164"]
[PlyCount "112"]
[EventDate "2013.??.??"]
[WhiteTeam "SC Bad Nauheim"]
[BlackTeam "Wiesbadener SV 1885"]

1. Nf3 Nf6 2. c4 g6 3. g3 Bg7 4. Bg2 O-O 5. O-O d5 6. cxd5 Qxd5 7. Nc3 Qh5 8.
Qb3 Nbd7 9. d4 Nb6 10. Qb5 Qxb5 11. Nxb5 Nbd5 12. Nc3 Rd8 13. a3 c6 14. h3 h6
15. Ne5 Nb6 16. Rd1 Be6 17. e4 Rac8 18. Be3 Nc4 19. Nxc4 Bxc4 20. d5 cxd5 21.
Bxa7 Nxe4 22. Nxe4 dxe4 23. Rxd8+ Rxd8 24. Bxe4 Bxb2 25. Rb1 Bxa3 26. Rxb7 Bd5
27. Bxd5 Rxd5 28. Kg2 Kg7 29. h4 h5 30. Be3 Bd6 31. Bg5 f6 32. Be3 Kf7 33. Ra7
Rb5 34. Ra6 Rb4 35. Ra5 Ke6 36. Bc5 Bxc5 37. Rxc5 Re4 38. Ra5 Re5 39. Ra8 Kf5
40. Rh8 Re4 41. Ra8 e5 42. Ra7 Re2 43. Ra5 Rd2 44. Rb5 Rd4 45. Rb6 g5 46. hxg5
Kxg5 47. Rb8 h4 48. gxh4+ Rxh4 49. Rb3 Rc4 50. Re3 Rd4 51. Rc3 f5 52. Re3 e4
53. Rg3+ Kf4 54. Rg8 Rd2 55. Re8 Re2 56. Rh8 e3 0-1

[Event "25.Schlosspark-Open"]
[Site "Wiesbaden-Biebrich"]
[Date "2013.08.24"]
[Round "5.18"]
[White "Baskin, Robert"]
[Black "Giese, Tilman"]
[Result "1-0"]
[WhiteElo "2145"]
[BlackElo "2045"]
[PlyCount "49"]
[EventDate "2013.??.??"]
[WhiteTeam "SAbt TuS Makkabi Ffm"]
[BlackTeam "SC Turm Illingen"]

1. e4 c5 2. Nf3 d6 3. d4 cxd4 4. Nxd4 Nf6 5. Nc3 a6 6. Bc4 e6 7. a4 Be7 8. O-O
O-O 9. Qe2 Qc7 10. Kh1 Nc6 11. Be3 Bd7 12. f4 Rac8 13. Bd3 Na5 14. Rae1 Nc4 15.
Bc1 Nb6 16. e5 Nfd5 17. Nxd5 Nxd5 18. c3 Nb6 19. f5 dxe5 20. f6 exd4 21. fxe7
Rfe8 22. Bxh7+ Kxh7 23. Qh5+ Kg8 24. Qxf7+ Kh7 25. Re4 1-0

[Event "25.Schlosspark-Open"]
[Site "Wiesbaden-Biebrich"]
[Date "2013.08.24"]
[Round "5.19"]
[White "Rutsatz, Mario"]
[Black "Koch, Markus"]
[Result "1-0"]
[WhiteElo "1918"]
[BlackElo "2140"]
[PlyCount "67"]
[EventDate "2013.??.??"]
[WhiteTeam "Sfr. Frankfurt 1921"]
[BlackTeam "SC Brett vor'm Kopp Ffm"]

1. d4 Nf6 2. c4 c5 3. d5 e5 4. Nc3 d6 5. e4 Be7 6. Be2 a6 7. a4 O-O 8. Nf3 Ne8
9. O-O g6 10. Ne1 Bg5 11. Nd3 Nd7 12. Bd2 Ng7 13. Qc1 Bxd2 14. Qxd2 f5 15. f4
exf4 16. Qxf4 fxe4 17. Qxe4 Nf6 18. Qf4 Bf5 19. Rae1 Qd7 20. Nf2 Qc7 21. Qd2
Rae8 22. Bd3 Rxe1 23. Rxe1 Bc8 24. Nce4 Nfh5 25. g3 Nf5 26. Be2 Nhg7 27. Ng4
Nh5 28. Nh6+ Nxh6 29. Qxh6 Bf5 30. Bxh5 Bxe4 31. Rxe4 gxh5 32. Qxh5 Qd8 33. Qh6
Rf7 34. Re6 1-0

[Event "25.Schlosspark-Open"]
[Site "Wiesbaden-Biebrich"]
[Date "2013.08.24"]
[Round "5.20"]
[White "Krenz, Valeriy"]
[Black "Carow, Annelen"]
[Result "0-1"]
[WhiteElo "2263"]
[BlackElo "1997"]
[PlyCount "90"]
[EventDate "2013.??.??"]
[WhiteTeam "SAbt TuS Dotzheim"]
[BlackTeam "Sfr.Heidesheim"]

1. d4 Nf6 2. Bg5 e6 3. e3 d6 4. Nf3 Nbd7 5. c4 Be7 6. Nc3 e5 7. Be2 O-O 8. Qc2
c6 9. O-O Ne8 10. Bxe7 Qxe7 11. e4 Nef6 12. Rfe1 Re8 13. d5 c5 14. Nh4 g6 15.
g3 Rf8 16. Nd1 Ne8 17. Ne3 Ng7 18. Bd3 Qg5 19. Neg2 Qe7 20. f4 exf4 21. gxf4 f6
22. Nf3 Nh5 23. Qe2 Qg7 24. Qd2 g5 25. fxg5 fxg5 26. Nxg5 Ne5 27. Re3 Qxg5 28.
Be2 Rf3 29. h4 Qh6 30. Rd3 Qxd2 31. Rxd2 Ng3 32. Ne1 Nxe2+ 33. Rxe2 Rf7 34. b3
Rg7+ 35. Rg2 Bg4 36. Rc1 Rf8 37. Rc3 Rff7 38. Nc2 Nf3+ 39. Kh1 Nxh4 40. Rgg3
Bf3+ 41. Kh2 Bxe4 42. Ne3 Nf3+ 43. Kh3 Ng1+ 44. Kh2 Rxg3 45. Kxg3 Ne2+ 0-1

[Event "25.Schlosspark-Open"]
[Site "Wiesbaden-Biebrich"]
[Date "2013.08.24"]
[Round "5.21"]
[White "Machlin, Maxim"]
[Black "Stimpel, Franz"]
[Result "1-0"]
[WhiteElo "1995"]
[BlackElo "2175"]
[PlyCount "41"]
[EventDate "2013.??.??"]
[WhiteTeam "Biebertaler SF"]
[BlackTeam "Wiesbadener SV 1885"]

1. e4 e6 2. d4 d5 3. Nc3 Bb4 4. e5 Ne7 5. a3 Bxc3+ 6. bxc3 c5 7. Qg4 O-O 8. Bd3
f5 9. exf6 Rxf6 10. Bg5 Rf7 11. Qh5 h6 12. Bh7+ Kxh7 13. Qxf7 hxg5 14. Nf3 Ng6
15. h4 g4 16. Ng5+ Kh6 17. h5 Nh8 18. Qg6+ Nxg6 19. Nf7+ Kh7 20. hxg6+ Kxg6 21.
Nxd8 1-0

[Event "25.Schlosspark-Open"]
[Site "Wiesbaden-Biebrich"]
[Date "2013.08.24"]
[Round "5.22"]
[White "Pioch, Thomas"]
[Black "Kuhn, Gerhard"]
[Result "1/2-1/2"]
[WhiteElo "2172"]
[BlackElo "1996"]
[PlyCount "32"]
[EventDate "2013.??.??"]
[WhiteTeam "Sfr.Mainz 1928"]
[BlackTeam "SK Marburg 1931/72"]

1. e4 c6 2. d4 d5 3. Nc3 dxe4 4. Nxe4 Bf5 5. Ng3 Bg6 6. Bc4 e6 7. N1e2 Bd6 8.
Bf4 Nf6 9. O-O O-O 10. c3 Qc7 11. Bxd6 Qxd6 12. Qd2 c5 13. Rad1 Rd8 14. Qg5 Nc6
15. Qxc5 Qxc5 16. dxc5 Ne5 1/2-1/2

[Event "25.Schlosspark-Open"]
[Site "Wiesbaden-Biebrich"]
[Date "2013.08.24"]
[Round "5.23"]
[White "Ruppert, Wolfgang"]
[Black "Troidl, Thomas"]
[Result "1-0"]
[WhiteElo "2167"]
[BlackElo "1991"]
[PlyCount "53"]
[EventDate "2013.??.??"]
[WhiteTeam "SC Flörsheim 1921"]
[BlackTeam "TSV Kareth-Lappersdorf"]

1. e4 c5 2. d4 cxd4 3. c3 e5 4. Bc4 Nf6 5. cxd4 Nc6 6. Nf3 Nxe4 7. O-O d5 8.
Bb5 a6 9. Bxc6+ bxc6 10. Nxe5 Bd7 11. Re1 Be7 12. f3 Nd6 13. Qe2 Nf5 14. Qd3
Nd6 15. Nc3 O-O 16. Na4 Nb5 17. Nxd7 Qxd7 18. Nb6 Qa7 19. Nxa8 Rxa8 20. Be3 Bf6
21. Rad1 g6 22. Bf2 Rb8 23. b3 a5 24. a4 Nd6 25. Bg3 Rb4 26. Bxd6 Rxd4 27. Re8+
1-0

[Event "25.Schlosspark-Open"]
[Site "Wiesbaden-Biebrich"]
[Date "2013.08.24"]
[Round "5.24"]
[White "Malzahn, Sven"]
[Black "Boos, Markus"]
[Result "0-1"]
[WhiteElo "2017"]
[BlackElo "2153"]
[PlyCount "66"]
[EventDate "2013.??.??"]
[WhiteTeam "SAbt TuS Dotzheim"]
[BlackTeam "SF Vonkeln 1931"]

1. e4 c5 2. b4 cxb4 3. a3 d5 4. exd5 Qxd5 5. Nf3 e5 6. c4 Qd8 7. axb4 e4 8. Qe2
Bxb4 9. Qxe4+ Qe7 10. Qxe7+ Nxe7 11. Be2 Nbc6 12. O-O Nf5 13. Bb2 Bc5 14. Nc3
Nfd4 15. Nxd4 Bxd4 16. Ba3 Bf5 17. Ra2 Bxc3 18. dxc3 O-O-O 19. Bc5 Rhe8 20. Bf3
Be4 21. Rc1 Bxf3 22. gxf3 a6 23. Be3 Ne5 24. c5 Nxf3+ 25. Kg2 Nh4+ 26. Kf1 Nf5
27. Bd4 Nxd4 28. cxd4 Rxd4 29. c6 Rd6 30. cxb7+ Kxb7 31. Rb2+ Rb6 32. Rbc2 Re7
33. Rc8 Rb1 0-1

[Event "25.Schlosspark-Open"]
[Site "Wiesbaden-Biebrich"]
[Date "2013.08.24"]
[Round "5.25"]
[White "Muuss, Klaus"]
[Black "Frey, Thomas"]
[Result "1/2-1/2"]
[WhiteElo "2009"]
[BlackElo "2141"]
[PlyCount "101"]
[EventDate "2013.??.??"]
[WhiteTeam "VSF Flintbek"]
[BlackTeam "SV Reutlingen"]

1. e4 e6 2. d4 d5 3. Nc3 Nf6 4. Bg5 Bb4 5. e5 h6 6. Bd2 Bxc3 7. bxc3 Ne4 8. Bd3
Nxd2 9. Qxd2 c5 10. f4 Nc6 11. Nf3 Qb6 12. Be2 Qa5 13. O-O cxd4 14. Nxd4 Nxd4
15. Qxd4 b6 16. Qb4 Qc5+ 17. Qxc5 bxc5 18. Bb5+ Bd7 19. Rab1 Rb8 20. c4 Bxb5
21. Rxb5 Rxb5 22. cxb5 Kd7 23. Kf2 f6 24. Ke3 Rf8 25. f5 exf5 26. Rxf5 Re8 27.
Kf4 g5+ 28. Kf3 fxe5 29. Rf7+ Re7 30. Rf6 c4 31. Ra6 Kd8 32. Rxh6 e4+ 33. Ke2
d4 34. Rc6 d3+ 35. cxd3 exd3+ 36. Kd1 Rc7 37. Rd6+ Ke7 38. Rd5 Kf6 39. a4 g4
40. a5 Ke6 41. b6 axb6 42. axb6 Rc6 43. b7 Rb6 44. Rc5 Rxb7 45. Rxc4 Rb1+ 46.
Kd2 Rb2+ 47. Kxd3 Rxg2 48. Rc6+ Kf5 49. Rh6 Kf4 50. Rh8 Ra2 51. Rf8+ 1/2-1/2

[Event "25.Schlosspark-Open"]
[Site "Wiesbaden-Biebrich"]
[Date "2013.08.24"]
[Round "5.26"]
[White "Werner, Dimo"]
[Black "Schmidt, Volker"]
[Result "1-0"]
[WhiteElo "2139"]
[BlackElo "1968"]
[PlyCount "61"]
[EventDate "2013.??.??"]
[WhiteTeam "Vorw.Orient Mainz"]
[BlackTeam "SAbt TuS Dotzheim"]

1. d4 Nf6 2. c4 g6 3. Nc3 d5 4. cxd5 Nxd5 5. Bd2 Bg7 6. e4 Nxc3 7. Bxc3 c5 8.
d5 Bxc3+ 9. bxc3 Qa5 10. Qd2 b5 11. Nf3 Nd7 12. Bd3 Rb8 13. O-O Qc7 14. Qe2 c4
15. Bc2 Nf6 16. h3 O-O 17. Qe3 e5 18. a4 b4 19. cxb4 Rxb4 20. Qc3 a5 21. Nxe5
Re8 22. Nc6 Nxe4 23. Bxe4 Rb3 24. Qxc4 Rxh3 25. gxh3 Qf4 26. Ne7+ Kf8 27. Ra3
Qg5+ 28. Rg3 Qxe7 29. Bg2 h5 30. Qf4 Kg7 31. Re3 1-0

[Event "25.Schlosspark-Open"]
[Site "Wiesbaden-Biebrich"]
[Date "2013.08.24"]
[Round "5.27"]
[White "Kreiling, Carsten"]
[Black "Achtmann, Armin"]
[Result "1-0"]
[WhiteElo "2111"]
[BlackElo "1963"]
[PlyCount "85"]
[EventDate "2013.??.??"]
[WhiteTeam "SVG Eppstein 1932"]
[BlackTeam "SAbt TuS Dotzheim"]

1. d4 f5 2. Nf3 Nf6 3. g3 e6 4. Bg2 d5 5. c4 c6 6. O-O Bd6 7. Bf4 Bxf4 8. gxf4
O-O 9. e3 Nbd7 10. Nbd2 Ne4 11. Rc1 Qe8 12. b4 a6 13. Nxe4 fxe4 14. Ne5 Nxe5
15. fxe5 Bd7 16. f3 exf3 17. Rxf3 Rxf3 18. Qxf3 Qf8 19. Qxf8+ Rxf8 20. cxd5
exd5 21. a4 Kf7 22. Rf1+ Ke7 23. Rxf8 Kxf8 24. e4 dxe4 25. Bxe4 h6 26. Kf2 Ke7
27. h4 g5 28. hxg5 hxg5 29. a5 Kf7 30. Kg3 Kg7 31. Bf3 Kg6 32. Bg4 Bf5 33. Kf3
Bd3 34. Bc8 Bb5 35. Bxb7 Kh5 36. Kg3 Kh6 37. Bc8 Kg6 38. Bd7 Kf7 39. d5 Ke7 40.
Bxc6 Be2 41. Kf2 Bc4 42. b5 Kd8 43. b6 1-0